| 000 | 00437nam a22001457a 4500 | ||
|---|---|---|---|
| 020 | _a978119551089 | ||
| 040 | _cNUST | ||
| 082 |
_a610.28 _bRAH |
||
| 100 |
_aRahaman, Mohamed _9127896 |
||
| 245 |
_aMaterials for Biomedical Engineering ; _bfundamentals and applications : _cMohamed N. Rahaman |
||
| 260 |
_aUSA : _bJohn Wiley , _c2022. |
||
| 300 |
_a692p. ; _bHardbinding , _c28cm. |
||
| 700 |
_aBrown, Roger F. _9127897 |
||
| 942 |
_2ddc _cBK |
||
| 999 |
_c612906 _d612906 |
||